UK Towns Quiz - Scottish Borders - Scotland - Statistics

General Stats
  • This quiz has been taken 59 times
  • The average score is 9 of 20
Answer Stats
Clue Town Population % Correct
G Galashiels 10,075
93%
H Hawick 10,728
93%
J Jedburgh 4,129
93%
K Kelso 7,023
84%
P Peebles 9,108
66%
M Melrose 2,473
57%
C Coldstream 2,080
52%
E Eyemouth 3,701
52%
D Duns 3,127
48%
S Selkirk 4,663
48%
I Innerleithen 3,152
41%
N Newtown St Boswells 1,662
36%
S St Boswells 1,360
36%
E Earlston 1,765
34%
L Luader 1,878
30%
T Tweedbank 2,045
25%
W West Linton 1,755
25%
C Chirnside 1,584
11%
B Burnfoot 2,794
7%
L Langlee 3,532
7%
No matching quizzes found
Score Distribution
Percent of People with Each Score
Percentile by Number Answered
Your Score History
You have not taken this quiz